000 00279nam a2200121Ia 4500
008 190216s9999||||xx |||||||||||||| ||und||
100 _aMukunth Nimbath
245 0 _aHindi-Jai Jagath
260 _bSkilltube Publications
_c2000
300 _a154
650 _aHindi
942 _cBK
999 _c16735
_d16735